Statistics for Music Trivia: Singing

Click here to take the quiz!

General Stats

  • This quiz has been taken 34 times
    (30 since last reset)
  • The average score is 5 of 12

Answer Stats

HintAnswer% Correct
This term refers to any kind of singing that is done sans instruments. It is an Italian term that literally means "in the manner of the chapel".a cappella
95%
The style of singing utilized by singers such as Smokey Robinson, Philip Bailey, The Bee Gees, Aaron Neville, Frankie Valli, and many others, which allows them to sing in a higher registerFalsetto
59%
This style of singing is used in jazz and occasionally for humorous effect is improvised with nonsense words and syllables. Some of it's practitioners include Ella Fitzgerald, Louis Armstrong, Cab Calloway and Al Jarreau.Scat
59%
This style of singing involves rapid changes of pitch between the low chest-voice and the higher head-voice. It has been employed in other places and times, but today westerners will know it from Swiss folk music and country and western singers such as Roy Rogers, Hank Williams and Jimmie Rodgers.yodeling
59%
This term is used to describe unaccompanied monophonic sacred singing of the Catholic church from 9th and 10th century Europe. In the 1990s an album of such singing by the Benedictine Monks of Santo Domingo de Silos reached #3 in the Billboard Pop charts.Gregorian chant
55%
A distinctly American style of the above done in four part close harmony quartets and choruses. It originated in the early 20th century and can sometimes sound old-fashioned today.barbershop
50%
This term was originally used derisively primarily for male singers whose sentimental style was made possible by the use of microphones. Practitioners include Rudy Vallee, Bing Crosby, Andy Williams, Nat King Cole and Dean Martin.crooning
45%
Singing in this style is non-existent today, but was used from at least the 16th to the 19th century. Practitioners were high voiced male singers, and required a controversial surgery to attain it.castrato
32%
This two-word italian term is used for the very lowest bass singers. An alternative term is octavist or oktavist, meaning able to sing an octave below the usual bass part.Basso Profondo
14%
Singing in this other distinctly American style is said to be characterized by a "high lonesome sound". bluegrass
5%
This song form from Portugal uses a singing style that expresses longing, loss, resignation and fatefulness. It is accompanied traditionally by guitar.fado
5%
A style common to jazz singers employs written words to previously improvised instrumental solos. Manhattan Transfer, Lambert, Hendricks & Ross, Eddie Jefferson and Al Jarreau, among others, have used it.vocalese
5%

Score Distribution

Percentile by Number Answered

Percent of People with Each Score

Your Score History

You have not taken this quiz since the last reset